Statistics for SHL/Elitserien Champions Quiz

Click here to take the quiz!

General Stats

  • This quiz has been taken 291 times
    (276 since last reset)
  • The average score is 24 of 95

Answer Stats

YearWinner% Correct
2019Frölunda HC
92%
2015Växjö Lakers
77%
2017HV71
74%
2016Frölunda HC
67%
2018Växjö Lakers HC
65%
2013Skellefteå AIK
61%
2012Brynäs IF
60%
2014Skellefteå AIK
60%
2011Färjestad BK
53%
2010HV71
53%
2009Färjestad BK
51%
2008HV71
49%
2001Djurgårdens IF
45%
2002Färjestad BK
45%
2007Modo Hockey
45%
2005Frölunda HC
44%
2004HV71
44%
2000Djurgårdens IF
42%
2006Färjestad BK
42%
2003Västra Frölunda HC
41%
1996Luleå HF
40%
1999Brynäs IF
36%
1998Färjestad BK
36%
1990Djurgårdens IF
33%
1995HV71
33%
1991Djurgårdens IF
32%
1997Färjestad BK
32%
1989Djurgårdens IF
31%
1994Malmö IF
30%
1993Brynäs IF
29%
1992Malmö IF
29%
1983Djurgårdens IF
28%
1967Brynäs IF
26%
1968Brynäs IF
26%
1971Brynäs IF
26%
1972Brynäs IF
26%
1974Leksands IF
26%
1970Brynäs IF
25%
1966Brynäs IF
25%
1976Brynäs IF
25%
1988Färjestad BK
25%
1977Brynäs IF
24%
1975Leksands IF
24%
1986Färjestad BK
23%
1973Leksands IF
23%
1980Brynäs IF
22%
1981Färjestad BK
22%
1985Södertälje SK
22%
1964Brynäs IF
21%
1984AIK
20%
1982AIK
19%
1963Djurgårdens IF
19%
1987IF Björklöven
19%
1969Leksands IF
19%
1960Djurgårdens IF
18%
1959Djurgårdens IF
18%
1958Djurgårdens IF
18%
1979Modo AIK
18%
1978Skellefteå AIK
18%
1962Djurgårdens IF
17%
1961Djurgårdens IF
17%
1955Djurgårdens IF
14%
1954Djurgårdens IF
14%
1950Djurgårdens IF
13%
1965Västra Frölunda IF
13%
1926Djurgårdens IF
12%
1922IK Göta
12%
1923IK Göta
11%
1924IK Göta
11%
1938AIK
10%
1947AIK
10%
1951Hammarby IF
10%
1956Södertälje SK
10%
1953Södertälje SK
10%
1946AIK
9%
1935AIK
9%
1934AIK
9%
1927IK Göta
9%
1957Gävle GIK
8%
1943Hammarby IF
8%
1928IK Göta
8%
1944Södertälje SK
8%
1931Södertälje SK
8%
1941Södertälje SK
8%
1925Södertälje SK
8%
1932Hammarby IF
7%
1933Hammarby IF
7%
1936Hammarby IF
7%
1945Hammarby IF
7%
1942Hammarby IF
7%
1937Hammarby IF
7%
1930IK Göta
7%
1929IK Göta
7%
1940IK Göta
7%
1948IK Göta
7%

Score Distribution

Percentile by Number Answered

Percent of People with Each Score

Your Score History

You have not taken this quiz since the last reset